000 00863cam a22002411 4500
001 f 29000034
003 DLC
005 20260227111249.0
008 850730r19291929dcua b f000 0 eng c
010 _af 29000034
035 _a(OCoLC)12326059
040 _aU.S. Bureau of Fish. Library
_cNcWsW
_dDLC
042 _apremarc
050 0 0 _aSH191.T5
_bH53
100 1 _aHildebrand, Samuel F.
_q(Samuel Frederick),
_d1883-1949.
245 1 0 _aReview of experiments on artificial culture of diamondback terrapin.
_cBy Samuel F. Hildebrand ...
260 _aWashington,
_bU.S. Govt. Print. Off.,
_c1929.
300 _a1 p. l., p. 25-70 incl. tables, diagrs.
_c28 cm.
500 _aFrom Bulletin of the Bureau of Fisheries, vol. XLV, 1929.
500 _aBureau of Fisheries document no. 1060.
504 _aBibliography: p. 70.
650 0 _aDiamondback terrapin.
999 _c23299
_d23299